[Event "HUN-chT2 Erkel 1617"]
[Site "Hungary"]
[Date "2016.10.30"]
[Round "3.7"]
[White "Varkonyi, Peter"]
[Black "Sillye, Kalman"]
[Result "0-1"]
[WhiteElo "2018"]
[BlackElo "2042"]
[PlyCount "70"]
[EventDate "2016.09.25"]
[EventType "team-tourn"]
[EventRounds "11"]
[EventCountry "HUN"]
[SourceTitle "EXT 2021"]
[Source "ChessBase"]
[SourceDate "2020.10.23"]
[SourceVersion "1"]
[SourceVersionDate "2020.10.23"]
[SourceQuality "1"]
[WhiteTeam "Salgotarjan"]
[BlackTeam "Szada GSBE"]
[WhiteTeamCountry "HUN"]
[BlackTeamCountry "HUN"]

1. e4 c5 2. Nf3 Nc6 3. d4 cxd4 4. Nxd4 Nf6 5. Nc3 d6 6. Be2 e5 7. Nb3 a5 8. a4 Be6 9. Be3 Be7 10. 0-0 0-0 11. f3 Nb4 12. Nd2 d5 13. exd5 Nfxd5 14. Nxd5 Nxd5 15. Bf2 Qc7 16. Rc1 Rfd8 17. Bd3 Nf4 18. Ne4 f5 19. Nc3 Bg5 20. Ra1 Nxd3 21. cxd3 Bc4 22. Re1 Rxd3 23. Qc2 Rc8 24. Rad1 Rxd1 25. Rxd1 Be6 26. Qe2 Bf6 27. Nd5 Bxd5 28. Rxd5 Qc4 29. Qd1 Qc1 30. b3 e4 31. fxe4 fxe4 32. Kf1 e3 33. Be1 Qxd1 34. Rxd1 Rc2 35. Bxa5 e2+ 0-1